Introducción a la teoría de la norma jurídica
Uloženo v:
| Hlavní autor: | |
|---|---|
| Médium: | Kniha |
| Jazyk: | španělština |
| Vydáno: |
Santiago
Jurídica de Chile
1951
|
| Edice: | Estudios Jurídicos y Sociales, 13
|
| Témata: | |
| Tagy: |
Přidat tag
Žádné tagy, Buďte první, kdo vytvoří štítek k tomuto záznamu!
|
MARC
| LEADER | 00000cam a2200000 a 4500 | ||
|---|---|---|---|
| 001 | UCT8763 | ||
| 003 | CL-VaPUC | ||
| 008 | 970326e19510000CL |||||||||||||||||spa|d | ||
| 082 | 0 | 4 | |a 340.1 |b HUB |2 21 |
| 100 | |a Hübner Gallo, Jorge Iván |e autor |9 381209 | ||
| 245 | 1 | 0 | |a Introducción a la teoría de la norma jurídica |
| 246 | 1 | 3 | |a La teoría de la institución |
| 300 | |a 195 p | ||
| 942 | |c BK | ||
| 945 | |d 19970326 00:00:00 |a paguirre | ||
| 260 | |a Santiago |b Jurídica de Chile |c 1951 | ||
| 650 | 0 | |a Teoría del derecho |9 255982 | |
| 650 | 0 | |a Normas jurídicas |9 258310 | |
| 650 | 0 | |a Filosofía del derecho |9 255050 | |
| 650 | 0 | |a Contratos |9 255153 | |
| 650 | 0 | |a Derecho positivo |9 255911 | |
| 583 | |a last modification |c 20120523 04:42:31 |k Rodrigo Vera | ||
| 490 | 0 | |a Estudios Jurídicos y Sociales, 13 | |
| 999 | |c 257247 |d 257245 | ||
| 952 | |0 0 |1 0 |2 ddc |4 0 |6 340_100000000000000_HUB_1951 |7 0 |8 P |9 280542 |a BIBDER |b BIBDER |d 2019-11-19 |i 1817272 |o 340.1 HUB 1951 |p 1817272 |r 2023-01-25 |w 2019-11-19 |y BK |k DER | ||
| 952 | |0 0 |1 0 |4 0 |6 340_100000000000000_HUB_1951 |7 0 |8 DER_TF |9 280544 |a BIBDER |b BIBDER |d 2019-11-19 |i 1884174 |o 340.1 HUB 1951 |p 1884174 |r 2023-01-25 |w 2019-11-19 |x Ubicación 4to Piso |y BK |z Estos recursos deben solicitarse con anticipación |k DER | ||